Normal view
MARC view
- Her majesty's stationary office
Entry Personal Name
001 - CONTROL NUMBER
- control field: 43313
003 - CONTROL NUMBER IDENTIFIER
- control field: NUST
005 - DATE AND TIME OF LATEST TRANSACTION
- control field: 20210314132619.0
008 - FIXED-LENGTH DATA ELEMENTS
- fixed length control field: 210314|| aca||aabn | a|a d
040 ## - CATALOGING SOURCE
- Original cataloging agency: NUST
- Transcribing agency: NUST
100 ## - HEADING--PERSONAL NAME
- Personal name: Her majesty's stationary office
670 ## - SOURCE DATA FOUND
- Source citation: Work cat.: (NUST): Her majesty's stationary office, Military engineering Vol-XIV concrete part-III, 1964
